[Event "St Petersburg-ch qual"]
[Site "St Petersburg"]
[Date "2006.11.29"]
[Round "2"]
[White "Gantsevich, Aleksei"]
[Black "Drobyshev, Sergey"]
[Result "1-0"]
[WhiteElo "2034"]
[BlackElo "1668"]
[PlyCount "63"]
[EventDate "2006.11.27"]
[EventType "swiss"]
[EventRounds "10"]
[EventCountry "RUS"]
[SourceTitle "EXT 2008"]
[Source "ChessBase"]
[SourceDate "2007.11.25"]
[SourceVersion "1"]
[SourceVersionDate "2007.11.25"]
[SourceQuality "1"]

1. e4 e6 2. d3 d6 3. g3 Be7 4. Bg2 Bd7 5. f4 Nc6 6. Nf3 Nf6 7. Nc3 Rb8 8. 0-0 b6 9. Nh4 Nd4 10. e5 Ng8 11. Nf3 Nf5 12. g4 Nfh6 13. h3 f6 14. d4 Nf7 15. Qe2 a5 16. f5 h5 17. exf6 hxg4 18. fxe7 Qxe7 19. hxg4 Ngh6 20. fxe6 Bxe6 21. g5 Nf5 22. Bf4 c6 23. Rae1 Nd8 24. d5 cxd5 25. Qb5+ Kf7 26. Nxd5 Qb7 27. g6+ Kxg6 28. Ng5 Nh4 29. Nxe6 Nxg2 30. Qd3+ Kf7 31. Bxd6+ Kg8 32. Rf8# 1-0